000
00360cam a2200145ua 4500
041
_a
eng
_h
100
_a
Ahlluwalia, Vikas .
245
_a
Food processing /
_c
Vikas Ahlluwalia.
_h
Textual Documents
260
_a
New Delhi :
_b
Paragon International ,
_c
2007.
300
_a
; .
504
_a
942
_c
BK
999
_c
13000
_d
13000